| 000 | 00999 a2200313 4500 | ||
|---|---|---|---|
| 003 | OSt | ||
| 005 | 20180116192401.0 | ||
| 008 | 120703t xxu||||| |||| 00| 0 eng d | ||
| 010 | _a 2010537686 | ||
| 020 | _a9780714859040 (pbk.) | ||
| 020 | _a0714859044 (pbk.) | ||
| 035 | _a(OCoLC)ocn656777065 | ||
| 040 | _c0 | ||
| 082 | 0 | 4 | _a770.11 |
| 100 | 1 |
_aShore, Stephen, _95408 |
|
| 245 | 1 | 4 |
_aThe nature of photographs : _ba primer / _cby Stephen Shore. |
| 250 | _a2nd ed. | ||
| 260 |
_aLondon ; _anew York : _bPhaidon, _c2010. |
||
| 300 |
_a133 p. : _bill. (some col.) ; _c25 cm. |
||
| 500 | _aThis ed. originally published: 2007. | ||
| 500 | _aIncludes index. | ||
| 650 | 1 | 0 |
_aPhotography. _95409 |
| 650 | 1 | 0 |
_aPhotography _xPhilosophy. _95410 |
| 650 | 1 | 0 |
_aPhotography _xThemes, motives. _95411 |
| 650 | 1 | 0 |
_aPhotographic criticism. _95412 |
| 650 | 1 | 0 |
_aPhotography, Artistic. _95413 |
| 942 |
_aSADA _cBK _k770.11 SHO 2010 _2ddc |
||
| 999 |
_c353334 _d353334 |
||